000 00703nam a22002297a 4500
999 _c11872
_d11872
003 AR-CdUCM
008 190405b ||||| |||| 00| 0 spa d
040 _aMUNICIPALIDAD PROVINCIAL DEL CUSCO
_cBIBLIOTECA MUNICIPAL DEL CUSCO
082 _aES / 373 /
_bIO65
100 _aIonescu, Angela C.
_929453
245 _aDe un pais lejano /
260 _aEspaƱa :
_bPffset por Rivadeneyra,
_c1962.
300 _a144 paginas ;
_bIlustraciones, graficos, dibujos,
_c25 cm.
440 _aLa ballena alegre
_n18
_929454
500 _aCuentos
650 _aCuentos
_9217
650 _aTexto
_9816
650 _aLiteratura
_983
650 _aHistoria
_9136
942 _2ddc
_cLIBROS
945 _apjha
_d2019-04-05